Missing Word: Children's Games Quiz Stats

Quiz Updated Jun 9, 2015

Challenge
Share
Tweet
Embed
Score 0/18 Timer 02:00
1 Play Today
Children's Game Missing Word % Correct
____ and SeekHide
99.8%
Simon ____Says
97.8%
____-Paper-ScissorsRock
96.4%
____ and RobbersCops
95.8%
Red Light, ____ LightGreen
95.4%
____ ChairsMusical
93.4%
Duck, Duck, ____Goose
91.7%
____ PotatoHot
91.4%
Mother ____ I?May
88.8%
Children's Game Missing Word % Correct
Follow the ____Leader
87.2%
____ RoverRed
86.9%
Capture the ____Flag
84.6%
____ the CanKick
84.3%
____ SquareFour
71.8%
____ Up Seven UpHeads
52.2%
Wall ____Ball
45.7%
Keep ____Away
40.4%
Sharks and ____Minnows
36.3%

Today's Daily Dose

Word Ladder
TV Networks

Quick Pick
Medical Terms

On This Day
May 21st II

You're not logged in!

Compare scores with friends on all Sporcle quizzes.
Join for Free
OR
Log In

You Might Also Like...

Show Comments

Extras

Top Quizzes Today


Score Distribution

Your Account Isn't Verified!

In order to create a playlist on Sporcle, you need to verify the email address you used during registration. Go to your Sporcle Settings to finish the process.

Report this User

Report this user for behavior that violates our Community Guidelines.

Details: